| 000 | 00979nmc a2200361 a 4500 | ||
|---|---|---|---|
| 003 | AR-BaBNM | ||
| 005 | 20251128203942.0 | ||
| 008 | 155019s1981 ||||||||||||||000 | spa|| | ||
| 020 | _a84-7046-161-3 | ||
| 040 | _cAR-BaBNM | ||
| 100 | 1 | _aGarcía Templado, José | |
| 245 | 1 | 0 | _aEl teatro anterior a 1939 |
| 260 |
_aMadrid _bCincel _c1981 |
||
| 300 | 0 | _a86 p. | |
| 490 | 0 | _aCuadernos de estudio. Literatura | |
| 500 | 0 | _aContiene índice de las materias | |
| 504 | _aBibliografía | ||
| 600 | 1 | 4 | _aBenavente, Jacinto |
| 600 | 1 | 4 | _aGarcía Lorca, Federico |
| 650 | 4 | _aTEATRO POPULAR | |
| 650 | 4 | _aLITERATURA ESPANOLA | |
| 650 | 4 | _aCRITICA LITERARIA | |
| 650 | 4 | _aHISTORIA DEL TEATRO | |
| 653 | 0 | _aTEATRO COMICO | |
| 653 | _aMODERNISMO | ||
| 653 | 0 | _aGENERACION DE 1927 | |
| 653 | 0 | _aGENERACION DE 1898 | |
| 655 | _aLITERATURA | ||
| 800 | 1 |
_aMarín, Marcos F. _ecoordinador |
|
| 800 | 1 |
_aBasanta, Angel _ecoordinador |
|
| 942 | _cBK | ||
| 998 | _cCarmen | ||
| 999 |
_c5593 _d5593 |
||